000 00707cam a22002533a 4500
001 38615
003 PGUSA
005 20140828083842.0
008 120118s2012||||xxu|||||s|||||000 | eng d
040 _aPGUSA
_beng
042 _adc
050 4 _aTX
100 1 _aTreat, Nola
245 1 0 _aQuantity Cookery :
_bMenu Planning and Cooking for Large Numbers
_h[electronic resource] /
_cNola Treat
260 _bProject Gutenberg,
_c2012
506 _aPublic domain in the USA.
516 _aElectronic text
653 _aCaterers and catering
653 _aQuantity cooking
653 _aMenus
830 0 _aProject Gutenberg
_v38615
856 4 0 _uhttp://www.gutenberg.org/ebooks/38615
942 _cEB
999 _c267869
_d267869